| 000 | 00463nam a2200181Ia 4500 | ||
|---|---|---|---|
| 001 | 20534 | ||
| 005 | 20260306172813.0 | ||
| 008 | 260306t2010||||xx |||||||||||||| ||spa|| | ||
| 041 | _aESP | ||
| 082 |
_a343.4 _bC29B |
||
| 100 |
_aCarbonell, Miguel _eAUT |
||
| 245 | 0 |
_aPara comprender los derechos: _bbreve historia de sus momentos clave |
|
| 260 | _c2010 | ||
| 300 |
_a340 páginas : _c20 cm. |
||
| 650 | _aGEN | ||
| 654 | _aCDE | ||
| 942 |
_cLIB _dJUS _fJUS _2ddc _n |
||
| 999 |
_c20534 _d20534 |
||